000 00382 a2200169 4500
001 175445
020 _a85-08-08698-9
040 _cMagnum
100 _aGewandsznajder, Fernando
240 1 0 _aBiologia hoje 1
_lpor
245 1 0 _aBiologia hoje 1
300 _a400
362 0 _a2003
440 1 _aÁtica
697 _aCIÊNCIAS FÍSICAS, QUÍMICAS E BIOLÓGICAS
942 _cBK
999 _c175445
_d175445